000 00245nam a2200097Ia 4500
001 1207027
005 20250827022817.0
008 250824s9999 xx 000 0 und d
245 0 _aMOR SALKIMLI EV
_cHALİDE EDİB ADIVAR
260 _bCAN YAYINLARI
999 _c1207027
_d1207027